| 000 | 00459nam a2200169Ia 4500 | ||
|---|---|---|---|
| 003 | GCL | ||
| 008 | 140319s9999 xx 000 0 eng d | ||
| 040 |
_aGCL / _cGCL |
||
| 082 | 0 | 4 |
_a _b941.083092 _bLL |
| 100 | 1 | _aLYNCH, MICHAEL | |
| 245 | 1 | 0 |
_aLLOYD GEARGE AND THE LIBERAL DILEMMA / _cLYNCH, MICHAEL |
| 260 |
_a[S.N] : _bHODDER AND STOUGHTON ، _c1993 |
||
| 300 | _a130 | ||
| 650 | 0 | 4 | _aHISTORY |
| 650 | 0 | 4 | _aVICTORIA AND HOUSE OF WINDSOR |
| 942 |
_2ddc _cBK |
||
| 999 |
_c11664 _d11664 |
||